|
|
|
|
| LEADER |
00000nam0a2200000 4500 |
| 001 |
20919 |
| 005 |
20231030192305.0 |
| 035 |
|
|
|a (RuTPU)RU\TPU\book\21110
|
| 035 |
|
|
|a BOOK00000095
|
| 090 |
|
|
|a 20919
|
| 100 |
|
|
|a 20011209d1966 km y0rusy50 ca
|
| 101 |
0 |
|
|a rus
|
| 102 |
|
|
|a RU
|
| 105 |
|
|
|a a z 000zb
|
| 200 |
1 |
|
|a Андрей Рублев и его школа
|f В. Н. Лазарев
|
| 210 |
|
|
|a Москва
|c Искусство
|d 1966
|
| 215 |
|
|
|a 386 с.
|c ил.
|
| 600 |
|
1 |
|a Рублев
|g Андрей
|c русский живописец
|f около 1360-1370-около 1430
|b А.
|2 stltpui
|3 (RuTPU)RU\TPU\pers\781
|
| 610 |
1 |
|
|a искусство
|
| 610 |
1 |
|
|a иконопись
|
| 610 |
1 |
|
|a Древняя Русь
|
| 610 |
1 |
|
|a живопись
|
| 675 |
|
|
|a 75.071(084)
|v 3
|
| 700 |
|
1 |
|a Лазарев
|b В. Н.
|g Виктор Никитич
|
| 801 |
|
0 |
|a RU
|b 63413507
|c 20011209
|g PSBO
|
| 801 |
|
2 |
|a RU
|b 63413507
|c 20110406
|g PSBO
|
| 942 |
|
|
|c BK
|